[Event "Budapest-chT1 Lilienthal 1718"]
[Site "Budapest"]
[Date "2018.01.14"]
[Round "6"]
[White "Toth, Nikoletta"]
[Black "Zoltan, Lajos"]
[Result "1-0"]
[WhiteElo "1966"]
[BlackElo "2007"]
[PlyCount "71"]
[EventDate "2017.10.01"]
[EventType "team-tourn"]
[EventRounds "13"]
[EventCountry "HUN"]
[SourceTitle "EXT 2021"]
[Source "ChessBase"]
[SourceDate "2020.10.23"]
[SourceVersion "1"]
[SourceVersionDate "2020.10.23"]
[SourceQuality "1"]
[WhiteTeam "Barcza GSC"]
[BlackTeam "Mattolda"]
[WhiteTeamCountry "HUN"]
[BlackTeamCountry "HUN"]

1. c4 Nf6 2. Nc3 d6 3. d4 g6 4. Nf3 Bg7 5. e4 0-0 6. Be2 Nc6 7. h3 e5 8. d5 Ne7 9. Be3 Nd7 10. Qd2 a6 11. b4 f5 12. Qb2 fxe4 13. Nxe4 Nf5 14. Bg5 Qe8 15. 0-0 h6 16. Bd2 Nf6 17. Bd3 Bd7 18. Rfe1 Qf7 19. Qb3 Nh5 20. c5 Nd4 21. Nxd4 exd4 22. cxd6 Bf5 23. Rf1 Bxe4 24. Bxe4 cxd6 25. Qd3 Kh7 26. Rac1 Rac8 27. Rxc8 Rxc8 28. f4 Rd8 29. f5 Qe7 30. fxg6+ Kh8 31. Bf5 Qh4 32. Be6 Qg3 33. Rf3 Qh4 34. Rf7 Nf6 35. Qf3 Ne4 36. Rxg7 1-0

[Event "Budapest-chT1 Lilienthal 1718"]
[Site "Budapest"]
[Date "2017.11.12"]
[Round "3"]
[White "Vass, Lajos"]
[Black "Zoltan, Lajos"]
[Result "1-0"]
[WhiteElo "2040"]
[BlackElo "2007"]
[PlyCount "64"]
[EventDate "2017.10.01"]
[EventType "team-tourn"]
[EventRounds "13"]
[EventCountry "HUN"]
[SourceTitle "EXT 2021"]
[Source "ChessBase"]
[SourceDate "2020.10.23"]
[SourceVersion "1"]
[SourceVersionDate "2020.10.23"]
[SourceQuality "1"]
[WhiteTeam "Budapest EAC II"]
[BlackTeam "Mattolda"]
[WhiteTeamCountry "HUN"]
[BlackTeamCountry "HUN"]

1. e4 e6 2. d4 d5 3. Nd2 Nf6 4. e5 Nfd7 5. Bd3 c5 6. c3 Nc6 7. Ne2 f6 8. exf6 Qxf6 9. Nf3 e5 10. dxe5 Ndxe5 11. Nxe5 Qxe5 12. Bf4 Qh5 13. 0-0 Be7 14. Qd2 0-0 15. Rad1 Be6 16. Rfe1 Rad8 17. Bc7 Bd6 18. Bxd6 Rxd6 19. Nf4 Qf7 20. Nxe6 Rxe6 21. Rxe6 Qxe6 22. Bc2 Rd8 23. Re1 Qd6 24. Qg5 Qf6 25. Qe3 d4 26. Qd3 dxc3 27. Qxh7+ Kf8 28. Bb3 Ne5 29. f4 Qxf4 30. Qg8+ Ke7 31. Qe6+ Kf8 32. Rxe5 Qd4+ 1-0

[Event "HUN-chT2 Toth 1617"]
[Site "Hungary"]
[Date "2017.02.26"]
[Round "9.2"]
[White "Zoltan, Lajos"]
[Black "Karsai, Istvan"]
[Result "0-1"]
[WhiteElo "1982"]
[BlackElo "2045"]
[PlyCount "40"]
[EventDate "2016.09.25"]
[EventType "team-tourn"]
[EventRounds "11"]
[EventCountry "HUN"]
[SourceTitle "EXT 2021"]
[Source "ChessBase"]
[SourceDate "2020.10.23"]
[SourceVersion "1"]
[SourceVersionDate "2020.10.23"]
[SourceQuality "1"]
[WhiteTeam "Nadudvar"]
[BlackTeam "Felegyhaza Csongrad"]
[WhiteTeamCountry "HUN"]
[BlackTeamCountry "HUN"]

1. e4 e6 2. d4 d5 3. Nd2 Nf6 4. e5 Nfd7 5. Bd3 c5 6. c3 Nc6 7. Ne2 cxd4 8. cxd4 Qb6 9. Nf3 f6 10. exf6 Nxf6 11. 0-0 Bd6 12. Re1 0-0 13. g3 e5 14. Nxe5 Bxe5 15. dxe5 Ng4 16. Be3 Nxe3 17. fxe3 Qxe3+ 18. Kh1 Qf3+ 19. Kg1 Qf2+ 20. Kh1 Bg4 0-1

[Event "HUN-chT2 Barcza 1516"]
[Site "Hungary"]
[Date "2015.11.29"]
[Round "5.4"]
[White "Toth, Janos"]
[Black "Zoltan, Lajos"]
[Result "1-0"]
[WhiteElo "2171"]
[BlackElo "1955"]
[PlyCount "77"]
[EventDate "2015.09.13"]
[EventType "team-tourn"]
[EventRounds "11"]
[EventCountry "HUN"]
[SourceTitle "CBM 170 Extra"]
[Source "ChessBase"]
[SourceDate "2016.02.25"]
[SourceVersion "1"]
[SourceVersionDate "2016.02.25"]
[SourceQuality "1"]
[WhiteTeam "Hajduboszormeny"]
[BlackTeam "Nadudvar"]
[WhiteTeamCountry "HUN"]
[BlackTeamCountry "HUN"]

1. d4 Nf6 2. Nf3 g6 3. Bg5 Bg7 4. c3 h6 5. Bh4 g5 6. Bg3 Ne4 7. Be5 f6 8. Bg3 Nxg3 9. hxg3 d5 10. Qc2 f5 11. e3 Nc6 12. Bb5 Qd6 13. Nbd2 a6 14. Bd3 Qf6 15. c4 e6 16. a3 Bd7 17. b4 g4 18. cxd5 exd5 19. Nh4 0-0 20. Nb3 Rad8 21. Rc1 Rf7 22. 0-0 Qg5 23. Nc5 Bc8 24. b5 axb5 25. Bxb5 Ne7 26. Nd3 c6 27. Ba4 Ng6 28. Nxg6 Qxg6 29. Bb3 h5 30. Nf4 Qg5 31. a4 h4 32. gxh4 Qxh4 33. g3 Qh6 34. Kg2 Qd6 35. a5 Bd7 36. Ra1 Ra8 37. Nd3 Bf6 38. Qc5 Qc7 39. Bxd5 1-0

[Event "HUN-chT2 Barcza 1516"]
[Site "Hungary"]
[Date "2015.11.08"]
[Round "4.4"]
[White "Zoltan, Lajos"]
[Black "Nagy, Kalman"]
[Result "1-0"]
[WhiteElo "1955"]
[BlackElo "2034"]
[PlyCount "61"]
[EventDate "2015.09.13"]
[EventType "team-tourn"]
[EventRounds "11"]
[EventCountry "HUN"]
[SourceTitle "CBM 170 Extra"]
[Source "ChessBase"]
[SourceDate "2016.02.25"]
[SourceVersion "1"]
[SourceVersionDate "2016.02.25"]
[SourceQuality "1"]
[WhiteTeam "Nadudvar"]
[BlackTeam "SSASSE"]
[WhiteTeamCountry "HUN"]
[BlackTeamCountry "HUN"]

1. e4 e5 2. Nf3 Nc6 3. Bb5 f5 4. Nc3 Nd4 5. Bd3 Nf6 6. Nd5 Nxf3+ 7. Qxf3 Nxd5 8. exd5 e4 9. Qe2 Bd6 10. f3 0-0 11. fxe4 fxe4 12. Bxe4 Qh4+ 13. g3 Qe7 14. d3 Qf6 15. c3 b6 16. Be3 Ba6 17. 0-0-0 Bc5 18. Bxc5 bxc5 19. d6 c6 20. Qh5 Qh6+ 21. Qxh6 gxh6 22. Rhf1 Kg7 23. Rf5 Rae8 24. Rxc5 Rf2 25. Rd2 Rf6 26. Ra5 Bc8 27. Rxa7 Rxd6 28. Rf2 h5 29. Rf5 Rh6 30. a4 Kg6 31. Rf8+ 1-0

[Event "HUN-chT2 Barcza 1415"]
[Site "Hungary"]
[Date "2015.01.25"]
[Round "?"]
[White "Somorai, Zsolt"]
[Black "Zoltan, Lajos"]
[Result "1-0"]
[WhiteElo "2091"]
[BlackElo "1988"]
[PlyCount "95"]
[EventDate "2014.09.07"]
[EventType "team-tourn"]
[EventRounds "11"]
[EventCountry "HUN"]
[SourceTitle "EXT 2016"]
[Source "ChessBase"]
[SourceDate "2015.10.08"]
[SourceVersion "1"]
[SourceVersionDate "2015.10.08"]
[SourceQuality "1"]
[WhiteTeam "Debrecen Sakkiskola"]
[BlackTeam "Nadudvar"]
[WhiteTeamCountry "HUN"]
[BlackTeamCountry "HUN"]

1. Nf3 Nf6 2. c4 d6 3. d4 g6 4. Nc3 Bg7 5. e4 0-0 6. Be2 Nc6 7. d5 Ne5 8. Nxe5 dxe5 9. Bg5 h6 10. Be3 Nd7 11. Qd2 Kh7 12. g4 b6 13. Rg1 a6 14. Rg3 Nf6 15. 0-0-0 Rh8 16. Kb1 Kg8 17. f4 h5 18. gxh5 Nxh5 19. Bxh5 Rxh5 20. f5 Bd7 21. Rdg1 Qf8 22. fxg6 f5 23. exf5 Qxf5+ 24. Ka1 Rf8 25. Qe2 Rh3 26. Rxh3 Qxh3 27. Ne4 Bg4 28. Qe1 Bf5 29. Ng5 Qh5 30. Ne6 Bxe6 31. dxe6 Rf6 32. Qd2 Rxg6 33. Qd8+ Kh7 34. Qd3 Bh6 35. Bxh6 Kxh6 36. Qxg6+ Qxg6 37. Rxg6+ Kxg6 38. Kb1 Kf5 39. Kc2 Kxe6 40. Kd3 Kf5 41. Ke3 c6 42. b4 a5 43. c5 bxc5 44. bxa5 c4 45. a6 c3 46. a7 c2 47. Kd2 e4 48. a8Q 1-0

[Event "HUN-chT2 Barcza 1415"]
[Site "Hungary"]
[Date "2014.12.14"]
[Round "?"]
[White "Kral, Peter"]
[Black "Zoltan, Lajos"]
[Result "1-0"]
[WhiteElo "2122"]
[BlackElo "1988"]
[PlyCount "117"]
[EventDate "2014.09.07"]
[EventType "team-tourn"]
[EventRounds "11"]
[EventCountry "HUN"]
[SourceTitle "EXT 2016"]
[Source "ChessBase"]
[SourceDate "2015.10.08"]
[SourceVersion "1"]
[SourceVersionDate "2015.10.08"]
[SourceQuality "1"]
[WhiteTeam "Nyiregyhaza"]
[BlackTeam "Nadudvar"]
[WhiteTeamCountry "HUN"]
[BlackTeamCountry "HUN"]

1. e4 e6 2. c4 c5 3. Nc3 Nc6 4. Nf3 g6 5. d4 cxd4 6. Nxd4 d6 7. Be3 e5 8. Nb3 f5 9. exf5 Bxf5 10. Be2 a5 11. Nd5 a4 12. Bb6 Qg5 13. Nc7+ Kf7 14. Nxa8 axb3 15. axb3 Qxg2 16. Bf3 Qh3 17. Bd5+ Kg7 18. Qf3 Qxf3 19. Bxf3 Nge7 20. Nc7 Nc8 21. Be3 Be7 22. Nd5 Bh4 23. 0-0 Rd8 24. Ra8 N8e7 25. Rxd8 Nxd8 26. Ra1 Bc2 27. b4 e4 28. Bd1 Bd3 29. Nxe7 Bxe7 30. c5 Kf6 31. Ra8 Nc6 32. cxd6 Bxd6 33. Bc5 Be5 34. Rc8 h5 35. Ba4 Nd4 36. Bxd4 Bxd4 37. Bc2 Ke5 38. Bxd3 exd3 39. Kf1 Bxb2 40. Ke1 Bd4 41. Re8+ Kd5 42. Kd2 Kc4 43. Re4 g5 44. f3 Kd5 45. Kxd3 Bf6 46. h3 h4 47. Re8 Be5 48. Rd8+ Kc6 49. Ke4 b5 50. Kd3 Bd6 51. Kc3 Be5+ 52. Kb3 Bd6 53. Rg8 Be7 54. Rg6+ Kc7 55. Kc3 Bd8 56. Kd4 Be7 57. Rg7 Kd6 58. Rxe7 Kxe7 59. Ke5 1-0

[Event "HUN-chT2 Barcza 1314"]
[Site "Hungary"]
[Date "2014.03.02"]
[Round "8"]
[White "Zoltan, Lajos"]
[Black "Horvath, Kristof"]
[Result "1-0"]
[WhiteElo "1956"]
[BlackElo "1867"]
[PlyCount "69"]
[EventDate "2013.09.08"]
[EventType "team-tourn"]
[EventRounds "11"]
[EventCountry "HUN"]
[SourceTitle "EXT 2016"]
[Source "ChessBase"]
[SourceDate "2015.10.08"]
[SourceVersion "1"]
[SourceVersionDate "2015.10.08"]
[SourceQuality "1"]
[WhiteTeam "Nadudvar"]
[BlackTeam "Miskolc EMSE"]
[WhiteTeamCountry "HUN"]
[BlackTeamCountry "HUN"]

1. e4 e5 2. Nf3 Nc6 3. Bb5 a6 4. Ba4 d6 5. d4 b5 6. Bb3 Nxd4 7. Nxd4 exd4 8. Bd5 Rb8 9. Qxd4 Bd7 10. c3 Nf6 11. 0-0 Be7 12. Re1 0-0 13. h3 Nxd5 14. exd5 Bf6 15. Qd1 Re8 16. Be3 b4 17. Qc2 Re5 18. cxb4 Rxd5 19. Nc3 Rh5 20. Rad1 Be6 21. a3 Qc8 22. Ne4 Be7 23. Bd4 Rbb5 24. Ng3 Rh4 25. Qc3 Rg5 26. Rc1 c5 27. Ne4 Rg6 28. bxc5 Rxh3 29. Ng3 Bd5 30. cxd6 Rh1+ 31. Nxh1 Rxg2+ 32. Kf1 Rg1+ 33. Kxg1 Qg4+ 34. Ng3 Bf8 35. Qc8 1-0

[Event "HUN-chT2 Barcza 1213"]
[Site "Hungary"]
[Date "2013.03.03"]
[Round "8.4"]
[White "Zoltan, Lajos"]
[Black "Adam, Zoltan"]
[Result "1-0"]
[WhiteElo "1979"]
[BlackElo "1890"]
[PlyCount "93"]
[EventDate "2012.09.16"]
[EventType "team-tourn"]
[EventRounds "11"]
[EventCountry "HUN"]
[SourceTitle "EXT 2014"]
[Source "ChessBase"]
[SourceDate "2013.11.20"]
[SourceVersion "1"]
[SourceVersionDate "2013.11.20"]
[SourceQuality "1"]
[WhiteTeam "Nadudvar"]
[BlackTeam "Miskolc EMSE"]
[WhiteTeamCountry "HUN"]
[BlackTeamCountry "HUN"]

1. e4 e5 2. Nf3 Nc6 3. Bb5 Nf6 4. d4 Nxe4 5. 0-0 Be7 6. Re1 Nd6 7. Bxc6 dxc6 8. Nxe5 0-0 9. c3 Nf5 10. Nd2 c5 11. Ndf3 cxd4 12. cxd4 Bf6 13. Be3 Qd5 14. Qa4 Nxe3 15. fxe3 Bf5 16. Rac1 c6 17. e4 Bxe4 18. Rc5 Bxf3 19. Rxd5 Bxd5 20. Nd7 Rfd8 21. Nxf6+ gxf6 22. Re3 Be6 23. Rg3+ Kh8 24. Qb4 Rd7 25. Qd2 Rg8 26. Rxg8+ Kxg8 27. b4 Rd6 28. a4 a5 29. Qc3 axb4 30. Qxb4 Rd7 31. Kf2 Bd5 32. g4 Be4 33. Ke3 f5 34. h4 f6 35. h5 Kf7 36. Kf4 Re7 37. g5 Rd7 38. gxf6 Kxf6 39. Qf8+ Ke6 40. Qb8 Kf7 41. h6 Re7 42. a5 Ke6 43. Qg8+ Kf6 44. Qh8+ Kg6 45. Qf8 Rf7 46. Qd6+ Rf6 47. Qe7 1-0

[Event "HUN-chT2 Barcza 1011"]
[Site "Hungary"]
[Date "2010.10.24"]
[Round "4.5"]
[White "Zoltan, Lajos"]
[Black "Karacsony, Zsolt"]
[Result "0-1"]
[WhiteElo "1967"]
[BlackElo "2048"]
[PlyCount "92"]
[EventDate "2010.09.12"]
[EventType "team-tourn"]
[EventRounds "11"]
[EventCountry "HUN"]
[SourceTitle "EXT 2012"]
[Source "ChessBase"]
[SourceDate "2011.11.24"]
[SourceVersion "1"]
[SourceVersionDate "2011.11.24"]
[SourceQuality "1"]
[WhiteTeam "Balkany"]
[BlackTeam "Sajoszentpeter"]
[WhiteTeamCountry "HUN"]
[BlackTeamCountry "HUN"]

1. e4 c6 2. d4 d5 3. Nd2 dxe4 4. Nxe4 Nd7 5. Nf3 Ngf6 6. Ng3 e6 7. Bd3 Be7 8. c3 0-0 9. Bf4 c5 10. Qc2 cxd4 11. cxd4 Bb4+ 12. Bd2 Bxd2+ 13. Qxd2 b6 14. 0-0-0 Bb7 15. Bc2 Qc7 16. Kb1 Bxf3 17. gxf3 Nd5 18. Nh5 N7f6 19. Nxf6+ Nxf6 20. h4 Nh5 21. Qg5 g6 22. Rhg1 Kh8 23. d5 exd5 24. Rxd5 Rac8 25. Bb3 f6 26. Qg4 Rfd8 27. Rxd8+ Rxd8 28. Rc1 Qd6 29. Bc2 Kg7 30. Rg1 Qd5 31. Rd1 Qa8 32. Re1 Qb7 33. Qb4 Kh6 34. Qg4 Qc7 35. Rg1 Qf7 36. f4 Rd4 37. Qe2 Rxf4 38. Bd1 Qd7 39. Qe3 Qd4 40. Bxh5 Kxh5 41. Re1 Qxe3 42. Rxe3 Rxf2 43. Re7 h6 44. Rxa7 Kxh4 45. Rb7 g5 46. Rxb6 g4 0-1

[Event "HUN-chT2 Barcza 0708"]
[Site "Hungary"]
[Date "2008.05.18"]
[Round "11"]
[White "Zoltan, Lajos"]
[Black "Kovacs, Laszlo"]
[Result "0-1"]
[WhiteElo "1990"]
[BlackElo "2019"]
[PlyCount "104"]
[EventDate "2007.10.14"]
[EventType "team"]
[EventRounds "11"]
[EventCountry "HUN"]
[SourceTitle "EXT 2009"]
[Source "ChessBase"]
[SourceDate "2008.11.26"]
[SourceVersion "1"]
[SourceVersionDate "2008.11.26"]
[SourceQuality "1"]
[WhiteTeam "Lokomotiv"]
[BlackTeam "Hajduszoboszlo"]
[WhiteTeamCountry "HUN"]
[BlackTeamCountry "HUN"]

1. e4 d5 2. exd5 Nf6 3. d4 Nxd5 4. c4 Nb6 5. Nc3 g6 6. c5 Nd5 7. Bc4 c6 8. Qf3 Be6 9. Nge2 Bg7 10. Nxd5 Bxd5 11. Bxd5 cxd5 12. Be3 Nc6 13. 0-0 e6 14. Rfd1 0-0 15. Nc3 b6 16. Na4 bxc5 17. Nxc5 Rb8 18. Rab1 Qe7 19. Nb3 Rb6 20. Rd2 Nb4 21. a3 Nc6 22. Qd1 Rfb8 23. Nc1 Na5 24. b4 Nc4 25. Rd3 a5 26. Na2 axb4 27. axb4 Qa7 28. Qb3 Bf8 29. Bd2 Nxd2 30. Rxd2 Bxb4 31. Rdb2 Bc5 32. Qc2 Rxb2 33. Rxb2 Rxb2 34. Qxb2 Bxd4 35. Qc2 Qc5 36. Qe2 Qa3 37. g3 Qb2 38. Qxb2 Bxb2 39. Kf1 Kf8 40. Ke2 Ke7 41. Kd3 Kd6 42. Nb4 e5 43. f3 f5 44. g4 e4+ 45. fxe4 fxe4+ 46. Ke3 Bc3 47. Na6 Ke5 48. Nc7 d4+ 49. Ke2 Kf4 50. Nd5+ Kxg4 51. Nf6+ Kf4 52. Nxh7 d3+ 0-1

[Event "HUN-chT2 Barcza 0405"]
[Site "Hungary"]
[Date "2005.04.10"]
[Round "10"]
[White "Zoltan, Lajos"]
[Black "Kovacs, Marton"]
[Result "0-1"]
[WhiteElo "1983"]
[BlackElo "2141"]
[PlyCount "28"]
[EventDate "2004.09.26"]
[EventType "team"]
[EventRounds "11"]
[EventCountry "HUN"]
[SourceTitle "EXT 2009"]
[Source "ChessBase"]
[SourceDate "2008.11.26"]
[SourceVersion "1"]
[SourceVersionDate "2008.11.26"]
[SourceQuality "1"]
[WhiteTeam "Nadudvar"]
[BlackTeam "Hajduboszormeny II"]
[WhiteTeamCountry "HUN"]
[BlackTeamCountry "HUN"]

1. e4 e5 2. Nf3 Nf6 3. d4 exd4 4. e5 Ne4 5. Nxd4 d5 6. exd6 Nxd6 7. Nc3 Be7 8. Be3 0-0 9. Qd2 Nc6 10. Nd5 Nxd4 11. Bxd4 Bg5 12. f4 Re8+ 13. Be5 Rxe5+ 14. Kd1 Ne4 0-1

[Event "HUN-chT2 Barcza 0405"]
[Site "Hungary"]
[Date "2004.11.21"]
[Round "3"]
[White "Zoltan, Lajos"]
[Black "Peczeli, Zoltan"]
[Result "0-1"]
[WhiteElo "1983"]
[BlackElo "2050"]
[PlyCount "98"]
[EventDate "2004.09.26"]
[EventType "team"]
[EventRounds "11"]
[EventCountry "HUN"]
[SourceTitle "EXT 2009"]
[Source "ChessBase"]
[SourceDate "2008.11.26"]
[SourceVersion "1"]
[SourceVersionDate "2008.11.26"]
[SourceQuality "1"]
[WhiteTeam "Nadudvar"]
[BlackTeam "Piremon II"]
[WhiteTeamCountry "HUN"]
[BlackTeamCountry "HUN"]

1. e4 e6 2. d4 d5 3. Nd2 c5 4. c3 cxd4 5. cxd4 dxe4 6. Nxe4 Nc6 7. Nf3 Bb4+ 8. Bd2 Be7 9. Bc3 Qd5 10. Qe2 Nf6 11. Nxf6+ Bxf6 12. Rd1 Qxa2 13. g4 h6 14. Bg2 Qb3 15. h4 a6 16. g5 hxg5 17. hxg5 Rxh1+ 18. Bxh1 Be7 19. d5 exd5 20. Nd4 Nxd4 21. Rxd4 Be6 22. Qe5 0-0-0 23. Qxg7 Qc2 24. Rd1 Qf5 25. Be5 Qxg5 26. Qxg5 Bxg5 27. f4 Be7 28. Kd2 Kd7 29. Rc1 Rc8 30. Rxc8 Kxc8 31. Ke3 Kd7 32. f5 Bxf5 33. Bxd5 Bg5+ 34. Bf4 f6 35. Bxb7 a5 36. Bxg5 fxg5 37. Kd4 Kd6 38. Kc4 Bd7 39. Kb3 g4 40. Bg2 Bc6 41. Bf1 Kd5 42. Kc3 Ke5 43. Kd2 Kf4 44. Ke1 Kg3 45. Be2 Bf3 46. Bf1 Kh2 47. Kf2 Bc6 48. Ke1 g3 49. Kd1 Bb5 0-1

[Event "HUN-chT2 Barcza 0304"]
[Site "Hungary"]
[Date "2004.04.18"]
[Round "11"]
[White "Zoltan, Lajos"]
[Black "Szarvas, Peter"]
[Result "0-1"]
[WhiteElo "2033"]
[BlackElo "2226"]
[PlyCount "88"]
[EventDate "2003.08.29"]
[EventType "team"]
[EventRounds "11"]
[EventCountry "HUN"]
[SourceTitle "EXT 2009"]
[Source "ChessBase"]
[SourceDate "2008.11.26"]
[SourceVersion "1"]
[SourceVersionDate "2008.11.26"]
[SourceQuality "1"]
[WhiteTeam "Nadudvar"]
[BlackTeam "Hajduszoboszlo"]
[WhiteTeamCountry "HUN"]
[BlackTeamCountry "HUN"]

1. e4 c5 2. Nf3 e6 3. d4 cxd4 4. Nxd4 a6 5. Nc3 Nc6 6. Nb3 Nf6 7. a3 Be7 8. Be3 b5 9. Nc5 d6 10. Nb3 Bb7 11. f3 Rc8 12. Qd2 0-0 13. Qf2 Nd7 14. Ne2 Nce5 15. Ned4 Nc4 16. Bxc4 bxc4 17. Nc1 d5 18. exd5 Bxd5 19. c3 f5 20. Qc2 Nc5 21. 0-0 Qd7 22. Rd1 Qa4 23. Qd2 Rcd8 24. Qe1 Kh8 25. Rd2 a5 26. Bf4 Qd7 27. b3 cxb3 28. Ndxb3 Nxb3 29. Nxb3 Qc6 30. Nd4 Qxc3 31. Rc1 Qxa3 32. Nxe6 Bxe6 33. Rxd8 Rxd8 34. Qxe6 Bc5+ 35. Kf1 Qd3+ 36. Qe2 Qd4 37. Rxc5 Qxc5 38. Bg5 Rb8 39. Qd3 Qb5 40. Ke2 Kg8 41. Kd2 Qxd3+ 42. Kxd3 Rb2 43. Bd2 a4 44. g4 a3 0-1

[Event "HUN-chT2 Barcza 0304"]
[Site "Hungary"]
[Date "2004.02.22"]
[Round "8"]
[White "Levai, Gergo"]
[Black "Zoltan, Lajos"]
[Result "0-1"]
[WhiteElo "1921"]
[BlackElo "2033"]
[PlyCount "146"]
[EventDate "2003.08.29"]
[EventType "team"]
[EventRounds "11"]
[EventCountry "HUN"]
[SourceTitle "EXT 2009"]
[Source "ChessBase"]
[SourceDate "2008.11.26"]
[SourceVersion "1"]
[SourceVersionDate "2008.11.26"]
[SourceQuality "1"]
[WhiteTeam "Tiszaujvaros"]
[BlackTeam "Nadudvar"]
[WhiteTeamCountry "HUN"]
[BlackTeamCountry "HUN"]

1. e4 e6 2. d4 d5 3. Nc3 Bb4 4. e5 c5 5. a3 Bxc3+ 6. bxc3 Ne7 7. Nf3 Qc7 8. Bd3 c4 9. Be2 Nbc6 10. h3 Ng6 11. h4 h6 12. h5 Nf8 13. g4 f6 14. Bf4 Nd7 15. Qd2 fxe5 16. dxe5 Nc5 17. Qe3 Ne7 18. Nh4 Bd7 19. g5 0-0-0 20. gxh6 gxh6 21. Bxh6 Ne4 22. Bg7 Rh7 23. Bf6 Qa5 24. Kf1 Rf8 25. Bxe7 Rxf2+ 26. Ke1 Rxe7 27. Bf3 Rxc2 28. Bxe4 dxe4 29. Rh3 Rf7 30. Ng6 Rcf2 31. Qxf2 Rxf2 32. Kxf2 Qc5+ 33. Ke2 Be8 34. Rg3 Qb6 35. Rd1 Qc7 36. h6 Qh7 37. Rdg1 Qxh6 38. Ne7+ Kc7 39. Ng6 Kb6 40. Rb1+ Ka6 41. Rbg1 b5 42. Rg4 Ka5 43. Nf4 Bh5 44. Nxh5 Qxh5 45. R1g3 Qxe5 46. Kd2 Qc5 47. Re3 Qxa3 48. Rgxe4 Qb2+ 49. Kd1 Ka4 50. Rxe6 a5 51. Rd6 Qf2 52. Rde6 Ka3 53. R6e5 a4 54. Re2 Qf1+ 55. Kd2 Qb1 56. R5e4 Kb3 57. R2e3 a3 58. Re5 Qc2+ 59. Ke1 Qc1+ 60. Kf2 Qd2+ 61. Re2 Qf4+ 62. Ke1 Qg3+ 63. Kf1 Qf3+ 64. Kg1 Qxe2 65. Rxe2 a2 66. Re1 Kxc3 67. Kf2 Kb2 68. Re2+ Kb3 69. Re1 c3 70. Ke2 Kb2 71. Kd3 b4 72. Rg1 b3 73. Rf1 a1Q 0-1

[Event "HUN-chT2 Barcza 0304"]
[Site "Hungary"]
[Date "2003.10.05"]
[Round "2"]
[White "Janoska, Sandor"]
[Black "Zoltan, Lajos"]
[Result "1/2-1/2"]
[WhiteElo "2202"]
[BlackElo "2033"]
[PlyCount "47"]
[EventDate "2003.08.29"]
[EventType "team"]
[EventRounds "11"]
[EventCountry "HUN"]
[SourceTitle "EXT 2009"]
[Source "ChessBase"]
[SourceDate "2008.11.26"]
[SourceVersion "1"]
[SourceVersionDate "2008.11.26"]
[SourceQuality "1"]
[WhiteTeam "Kazincbarcika"]
[BlackTeam "Nadudvar"]
[WhiteTeamCountry "HUN"]
[BlackTeamCountry "HUN"]

1. d4 Nf6 2. c4 g6 3. Nc3 d5 4. cxd5 Nxd5 5. e4 Nxc3 6. bxc3 Bg7 7. Bc4 c5 8. Ne2 Qa5 9. 0-0 Nc6 10. Be3 cxd4 11. cxd4 0-0 12. Rb1 Qc7 13. Qc1 a6 14. Rd1 Rd8 15. Bb3 Qd7 16. d5 Ne5 17. Bb6 Rf8 18. h3 Qb5 19. Qe3 Nc4 20. Bxc4 Qxc4 21. Rb3 f5 22. Nd4 fxe4 23. Qxe4 Bf5 24. Qxe7 1/2-1/2

[Event "HUN-chT2 Barcza 0203"]
[Site "Hungary"]
[Date "2002.10.13"]
[Round "2"]
[White "Zoltan, Lajos"]
[Black "Szarvas, Peter"]
[Result "1-0"]
[WhiteElo "1934"]
[BlackElo "2201"]
[PlyCount "65"]
[EventDate "2002.09.22"]
[EventType "team"]
[EventRounds "11"]
[EventCountry "HUN"]
[SourceTitle "EXT 2009"]
[Source "ChessBase"]
[SourceDate "2008.11.26"]
[SourceVersion "1"]
[SourceVersionDate "2008.11.26"]
[SourceQuality "1"]

1. e4 c6 2. d4 d5 3. Nd2 g6 4. Ngf3 Bg7 5. c3 Nh6 6. Bd3 Nd7 7. Ng5 Nf8 8. f4 f6 9. Ngf3 Ne6 10. Nf1 Nc7 11. e5 0-0 12. h3 fxe5 13. fxe5 Ne6 14. Qe2 a5 15. g4 Nf4 16. Bxf4 Rxf4 17. Ne3 Rf8 18. 0-0-0 b5 19. Rdf1 Rb8 20. Ng5 e6 21. h4 Rb7 22. Rxf8+ Bxf8 23. Nf3 Rf7 24. g5 Nf5 25. Nxf5 exf5 26. h5 Be6 27. hxg6 hxg6 28. Qh2 Rg7 29. Qh6 Be7 30. Bxf5 Bxf5 31. Qh8+ Kf7 32. e6+ Bxe6 33. Ne5# 1-0